| 000 | 00000nam 2200000za 4500 |
| 001 | 9.629603 |
| 003 | CaOODSP |
| 005 | 20240925091302 |
| 007 | cr ||||||||||| |
| 008 | 150407s2014 xxc|||||o f|0| 0 eng d |
| 020 | |a978-1-100-24729-8 |
| 040 | |aCaOODSP|beng |
| 043 | |an-cn--- |
| 086 | 1 |aV32-250/2014E-PDF |
| 110 | 1 |aCanada. |bVeterans Affairs Canada. |bResearch Directorate. |
| 245 | 10|aPre- and post-release income |h[electronic resource] : |blife after service studies. |
| 260 | |aCharlottetown, Prince Edward Island : |bVeterans Affairs Canada, |cc2014. |
| 300 | |a49 p. : |btables, graphs. |
| 490 | 1 |aResearch Directorate technical report |
| 500 | |aJuly 3, 2014. |
| 692 | 07|2gccst|aVeterans |
| 794 | |tPre- and post-release income of Regular Force veterans |w(CaOODSP)9.854662 |
| 830 | #0|aTechnical report (Canada. Veterans Affairs Canada. Research Directorate)|w(CaOODSP)9.844433 |
| 856 | 40|qPDF|s732 KB|uhttps://publications.gc.ca/collections/collection_2015/acc-vac/V32-250-2014-eng.pdf |